| 000 | 00729nam a2200217Ia 4500 | ||
|---|---|---|---|
| 001 | 10130 | ||
| 003 | GE_BSU | ||
| 008 | 181216s||||||||xx |||||||||||||| ||und|| | ||
| 020 | _a5505014933 | ||
| 040 | _cGE_BSU | ||
| 080 | _a615.83(479.22)(0758)+615(479.22)(075.8) | ||
| 100 | _aდგებუაძე,მ. | ||
| 245 | _aფიზიოთერაპია და კურორტოლოგია | ||
| 245 | _bსახ–ლო სამედ. სტუდ–ს | ||
| 260 | _aთბილისი | ||
| 260 | _bგანათლება | ||
| 260 | _c1994 | ||
| 300 | _a199გვ.20სმ.ილ. | ||
| 653 | _aფიზიოთერაპია და კურორტოლოგია | ||
| 942 | _cBK | ||
| 999 |
_c43402 _d43402 |
||